Statistics for Former Flags of Countries

Click here to take the quiz!

General Stats

  • This quiz has been taken 69 times
  • The average score is 12 of 20

Answer Stats

Answer % Correct
First Mexican Empire
98%
United States of America
96%
Union of South Africa
86%
Libya
84%
Bhutan
82%
Philippines
81%
Ethiopia
75%
Papua New Guinea
70%
Iran
70%
Haiti
65%
Zaire
58%
Lesotho
51%
Greece
51%
Uganda
46%
People's Republic of Mongolia
44%
Spanish Empire
40%
Belarus
37%
Burma
28%
Tuvalu
23%
Comoros
19%

Score Distribution

Percentile by Number Answered

Percent of People with Each Score

Your Score History

You have not taken this quiz